Organization, diversity and long-term dynamics of a neotropical bat community (Registro nro. 9291)

Detalles MARC
000 -CABECERA
Campo de control 006040000a22001930004500
090 ## - CLASIFICACIÓN LOCAL
Colección AR
Consecutivo 00191
041 0# - IDIOMA
Código de idioma para texto/pista de sonido o título separado
100 1# - ASIENTO PRINCIPAL--NOMBRE PERSONAL
Nombre personal Kalko, Elisabeth K. V.
245 10 - MENCION DE TITULO
Título Organization, diversity and long-term dynamics of a neotropical bat community
650 14 - ASIENTO SECUNDARIO DE MATERIA - TERMINO TEMATICO
Término temático o nombre geográfico como elemento de entrada Fauna
650 14 - ASIENTO SECUNDARIO DE MATERIA - TERMINO TEMATICO
Término temático o nombre geográfico como elemento de entrada Mamíferos
650 14 - ASIENTO SECUNDARIO DE MATERIA - TERMINO TEMATICO
Término temático o nombre geográfico como elemento de entrada Murciélagos
650 14 - ASIENTO SECUNDARIO DE MATERIA - TERMINO TEMATICO
Término temático o nombre geográfico como elemento de entrada Ecología de poblaciones
650 14 - ASIENTO SECUNDARIO DE MATERIA - TERMINO TEMATICO
Término temático o nombre geográfico como elemento de entrada Biología
700 1# - ASIENTO SECUNDARIO - NOMBRE PERSONAL
Nombre personal Handley, Charles O.
700 1# - ASIENTO SECUNDARIO - NOMBRE PERSONAL
Nombre personal Handley, Darelyn
773 1# - Item fuente:
Título LongTerm Studies of Vertebrate Communities
Especificación de materiales 90
Paginas del Articulo 503-553
Lugar, editorial y fecha de publicación 1996
942 ## - ELEMENTOS ADICIONALES (KOHA)
Tipo de ítem Artículo
Existencias
Withdrawn status Lost status Damaged status No para préstamo Colección Ubicación Permanente Ubicación actual Fecha de adquisición Datos de publicación Seriada Total Checkouts Número topográfico Inventario / Código de Barras Date last seen Ejemplar Price effective from Forma de adquisición Tipo de material
      No para Préstamo Hemeroteca Bogotá Bogotá 27/02/2015 Fuera de circulación   AR 00191 010430 25/03/2015 1 25/03/2015   Artículo